000
00342nam a2200145Ia 4500
008
150201s2009 xx 000 0 und d
082
_a
616.462
_b
D09A
100
_a
AVERY, LORRAINE
245
_a
OXFORD HB. OF DIABETES NURSING
250
_a
1ST
260
_b
OXFORD
_a
NEW YORK
_c
2009
300
_a
366
650
_a
NURSING
942
_2
ddc
_c
BK
999
_c
2247
_d
2247